Monumente des Radsports - Statistiken

Allgemein
  • Dieses Quiz wurde 196 mal gespielt
  • Das Durchschnittsergebnis liegt bei 4 aus 5
Antwortstatistiken
Ort Name des Rennens % Korrekt
Frankreich Paris-Roubaix
89%
Italien Mailand Sanremo
83%
Belgien Flandern Rundfahrt
77%
Belgien Lüttich-Bastogne-Lüttich
65%
Italien Lombardei Rundfahrt
54%
Keine übereinstimmenden Quizze gefunden
Verteilung der Resultate
Anzahl Personen mit jedem Resultat
Perzentil nach korrekt beantworteten Fragen
Ihre Resultats-Entwicklung
Sie haben dieses Quiz noch nicht gespielt